banner koha

Raiva em bovino associada a intoxicação espontânea por Sida carpinifolia (Registro n. 223815)

MARC details
000 -LÍDER
campo de controle de tamanho fixo 00996nas a2200349 4500
001 - NÚMERO DE CONTROLE
campo de controle BR2012008521
003 - IDENTIFICADOR DO NÚMERO DE CONTROLE
campo de controle BR-BrBNA
005 - DATA E HORÁRIO DA ÚLTIMA TRANSAÇÃO
campo de controle 20231205121505.0
007 - CAMPO FIXO DE DESCRIÇÃO FÍSICA--INFORMAÇÃO GERAL
campo de controle de tamanho fixo ta
008 - CAMPO DE DADOS FIXOS--INFORMAÇÃO GERAL
campo de controle de tamanho fixo 230509b bl.|||p| |||| 00| 00por d
040 ## - FONTE DA CATALOGAÇÃO
Instituição da catalogação original BR-BrBNA
Idioma da catalogação por
Instituição que transcreveu o registro Biblioteca Nacional de Agricultura
041 ## - CÓDIGO DE IDIOMA
Código do idioma do texto/trilha sonora ou título diferente (Pt)
072 ## - CÓDIGO DE CATEGORIA DE ASSUNTO
Código de Categoria de Assunto L73; L74
100 1# - ENTRADA PRINCIPAL--NOME PESSOAL
Nome pessoal Casagrande, R.A.
100 1# - ENTRADA PRINCIPAL--NOME PESSOAL
Nome pessoal Wouters, F.
100 1# - ENTRADA PRINCIPAL--NOME PESSOAL
Nome pessoal Boabaid, F.M.
100 1# - ENTRADA PRINCIPAL--NOME PESSOAL
Nome pessoal Antoniassi, N.A.B.
100 1# - ENTRADA PRINCIPAL--NOME PESSOAL
Nome pessoal Pavarini, S.P.
100 1# - ENTRADA PRINCIPAL--NOME PESSOAL
Nome pessoal Oliveira, L.G.S. de
100 1# - ENTRADA PRINCIPAL--NOME PESSOAL
Nome pessoal Bandarra, P.M.
100 1# - ENTRADA PRINCIPAL--NOME PESSOAL
Nome pessoal Zlotowski, P.
100 1# - ENTRADA PRINCIPAL--NOME PESSOAL
Nome pessoal Driemeier, D.
245 1# - TÍTULO
Título Raiva em bovino associada a intoxicação espontânea por Sida carpinifolia
650 ## - ASSUNTO--TERMO TÓPICO
Cabeçalho tópico ou nome geográfico BOVINO
650 ## - ASSUNTO--TERMO TÓPICO
Cabeçalho tópico ou nome geográfico RAIVA
650 ## - ASSUNTO--TERMO TÓPICO
Cabeçalho tópico ou nome geográfico INTOXICAÇÃO
650 ## - ASSUNTO--TERMO TÓPICO
Cabeçalho tópico ou nome geográfico GUANXUMA
650 ## - ASSUNTO--TERMO TÓPICO
Cabeçalho tópico ou nome geográfico ERVA DANINHA
773 0# - ENTRADA ANALÍTICA
Título Ciência Rural (Brazil)
ISSN - International Standard Serial Number ISSN 0103-8478
Partes relacionadas (Oct 2012), v. 42(10) p. 1872-1875
Número de controle do registro BR2012008521
909 ## -
-- 202311
-- Lúcia
-- 55
-- Lúcia Elande
942 ## - ELEMENTOS DE ENTRADA ADICIONADOS (KOHA)
Fonte da classificação ou esquema de arquivamento na estante Classificação AGRIS
Ocultar no OPAC Não
Tipo de material Koha Analítica
Exemplares
Situação do descarte Fonte da classificação ou esquema de arquivamento na estante Situação física Não pode ser emprestado Biblioteca de origem Biblioteca atual Localização na estante Enumeração do periódico / cronologia Total de empréstimos Data de último acesso Número do exemplar Tipo de material Koha Fonte de aquisição
  Classificação AGRIS   Consulta local Biblioteca Nacional de Agricultura - Binagri Biblioteca Nacional de Agricultura - Binagri   (Oct 2012), v. 42(10) p. 1872-1875   29/11/2023 01 Periódicos Portaria Interministerial nº 164/94

BINAGRI

Telefone: (61)3218-2567/2388/3357/2097 - binagri@agro.gov.br

Ministério da Agricultura e Pecuária , Esplanada dos Ministérios, Bloco D, Anexo B, Brasília/DF, CEP: 70.043-900